1384 1140 1699 1839 1248 1002 1980 1236 1698 1137 1718 1888 1226 1175 1027 1372 1042 1394 1262 1768 1710 1440 1367 1594 1018 1689 1085 1023 1826 1421 1100 1264 1306 1884 1892 1080 1421 1289 1197 1853 1616 1953 1119 1012 1176 1797 1227 1418 1720 1103 1953 1212 1704 1161 1385 1117 1556 1702 1046 1620 1148 1499 1478 1910 1218 1809 1196 1545 1523 1802 1720 1909 1990 1952 1325 1259 1990 1849 1675 1665 1771 1064 1495 1868 1315 1926 1588 1311 1445 1614 1835 1244 1630 1291 1852 1198 1430 1590 1872 BCNSPRNW ULIB Ver.6.0+V

เปลี่ยนเป็นภาษาไทย

Change to English
 แสดงรายละเอียดบรรณานุกรม
  กลับหน้าหลัก

Brief Record : Get Marc (ISO 2709) : E-mail record : QR code < ปิดหน้าต่าง
LEADER : 00000nam 2200000uu 4500
001    13399111928
003     ULIB
008    110627s2552||||th 000 0 tha d
020    9786165000147
090    นว.^bศ118ศ 2552
100 0  ศตรัศมิ์
245 00 ศาสตร์รัก นักอ่านใจ/^cศตรัศมิ์
250    พิมพ์ครั้งที่ 1
260    กรุงเทพฯ :^bพิมพ์คำ,^c2552
300    415 หน้า
710 1  พิมพ์คำ
945    ^p270^l0^i026765
995    ทศพร
999 ^a ใช้งานได้ทุกระบบ
รายการนี้ยังไม่มีแท็ก
คุณยังไม่ได้ล็อกอิน คุณสามารถมีกิจกรรมร่วมกับเว็บไซต์ได้ แต่ต้องล็อกอินก่อน ::
  ล็อกอิน

รายการสื่อสารสนเทศ

ลำดับที่ ประเภท เลขเรียก/บาร์โค้ด สถานที่ สถานะ
- ไม่พบข้อมูล -

BibComment


ยังไม่เคยถูกคอมเมนท์

คอมเมนท์ทรัพยากรรายการนี้
  คอมเมนท์: ศาสตร์รัก นักอ่าน..


 Copyright 2026. Bcnsprnw @Library